| 000 | 00724nam a2200277Ia 4500 | ||
|---|---|---|---|
| 005 | 20260320195809.0 | ||
| 008 | 008 262003s9999 xx 000 0 hin d | ||
| 020 | _a9789389577853 | ||
| 037 | _aEBOOK | ||
| 040 | _aCRL | ||
| 040 | _bhin | ||
| 040 | _cCRL | ||
| 041 | _2hin | ||
| 041 | _ahin | ||
| 084 | _qCRL | ||
| 100 |
_aशरद चंद्र _91133143 |
||
| 245 | 0 | _aमेरे देश में कहते हैं धन्यवाद | |
| 250 | _a1st | ||
| 260 | _bRajkamal | ||
| 260 | _c2020 | ||
| 300 | _a142 | ||
| 856 | _uhttps://ebook.indiaread.in/pdfs/mere_desh_mein_kahte_hai_dhanyavad_by_sharad_chandra.pdf | ||
| 942 | _cEBOOK | ||
| 999 |
_c1716551 _d1716551 |
||